000 00338nam a2200133Ia 4500
008 240624s9999 xx 000 0 und d
041 _aeng
082 _a954 MEH
100 _aMEHTA SUKETU
245 _aMAXIMUM CITY BAMBAY LOST AND FOUND
260 _c2006
_aNew Delhi
_bPenguin Books
300 _a584 : p. : cm. ; 19
365 _cRS
_b30
999 _c12856
_d12856